000
00335nam a2200133Ia 4500
008
240624s9999 xx 000 0 und d
041
_a
eng
082
_a
823 MIL
100
_a
MILTON JOHN
245
_a
PARADISE LOST BOOK 1
260
_c
2006
_a
New Delhi
_b
Pearson Longman
300
_a
xxxiii, : 111 : p. : cm. ; 23
365
_c
RS
_b
30
999
_c
19100
_d
19100